Capitales selon les drapeaux - Statistiques

Statistiques générales
  • Ce quiz a été pris 156 fois
  • Le résultat moyen est 95 sur 196
Statistiques - réponses
Par images Réponse % Correct
Londres
100%
Washington
99%
Paris
98%
Rome
96%
Moscou
95%
Amsterdam
94%
Brasilia
93%
Canberra
93%
Ottawa
92%
Tokyo
92%
Dublin
90%
Athènes
89%
Pékin
88%
Séoul
87%
Bruxelles
84%
Oslo
84%
Berlin
83%
Berne
83%
Madrid
83%
Stockholm
83%
Ankara
82%
Helsinki
82%
Alger
81%
Sofia
81%
Buenos Aires
80%
Mexico
80%
Budapest
78%
Monaco
78%
Jérusalem
77%
Tunis
77%
Copenhague
76%
Le Caire
76%
Reykjavik
76%
New Delhi
75%
Vatican
75%
Vienne
73%
Saint-Marin
72%
Varsovie
72%
Wellington
71%
Beyrouth
67%
Hanoï
67%
Pretoria / Le Cap / Bloemfontein
67%
Tirana
67%
La Valette
66%
Lisbonne
66%
Zagreb
65%
Rabat
64%
La Havane
63%
Bucarest
61%
Kingston
61%
Lima
61%
Luxembourg
61%
Singapour
61%
Kinshasa
60%
Prague
60%
Jakarta
59%
Islamabad
58%
Nicosie
58%
Riyad
58%
Yamoussoukro
58%
Belgrade
57%
Damas
57%
Tbilissi
57%
Montevideo
55%
Nairobi
55%
Panama
55%
Pyongyang
55%
Kiev
54%
Sarajevo
54%
Andorre-la- Vieille
53%
Antananarivo
53%
Bagdad
53%
Bangkok
53%
Bogota
53%
Caracas
53%
Pristina
53%
Santiago
53%
Téhéran
53%
Vaduz
53%
Bakou
51%
Bratislava
51%
Dacca
51%
Tallin
51%
Yaoundé
51%
Dakar
49%
Manille
49%
Ouagadougou
49%
Bamako
48%
Koweït
48%
Kuala Lumpur
48%
Ljubljana
48%
Tripoli
48%
Abou Dabi
47%
Brazzaville
47%
Minsk
47%
Djibouti
46%
Katmandou
46%
Saint-Domingue
46%
Skopje
46%
Vilnius
46%
Port-Au-Prince
45%
Astana
43%
Doha
43%
Chișinău
42%
Kaboul
41%
Riga
41%
Amman
40%
Libreville
40%
Malé
39%
Mascate
39%
Quito
39%
Taipei
39%
Nassau
37%
Niamey
37%
Nouakchott
37%
Sanaa
37%
San Jose
37%
Erevan
36%
Oulan-Bator
36%
Bissau
35%
Lomé
35%
Phnom Penh
35%
Podgorica
35%
Victoria
35%
Windhoek
35%
Addis-Abeba
34%
Conakry
34%
Kigali
34%
Moroni
34%
Nukuʻalofa
34%
Sucre
34%
Tachkent
34%
Vientiane
34%
Asunción
33%
Belmopan
33%
Khartoum
33%
Mogadiscio
33%
Ndjamena
33%
Port Moresby
33%
Praia
33%
Sao Tomé
33%
Thimphou
33%
Accra
31%
Luanda
31%
Manama
31%
Mbabane
31%
Achgabat
30%
Bandar Seri Begawan
30%
Dodoma
30%
Freetown
30%
San Salvador
30%
Tegucigalpa
30%
Asmara
29%
Bridgetown
29%
Dili
29%
Douchanbé
29%
Georgetown
29%
Guatemala
29%
Harare
29%
Monrovia
29%
Ngerulmud
29%
Port-D'espagne
29%
Porto-Novo
29%
Apia
28%
Bangui
28%
Djouba
28%
Lilongwe
28%
Malabo
28%
Managua
28%
Maputo
28%
Roseau
28%
Saint John's
28%
Port-Vila
27%
Basseterre
25%
Bichkek
25%
Gaborone
25%
Gitega
25%
Palikir
25%
Paramaribo
25%
Port-Louis
25%
Tarawa
25%
Banjul
24%
Majuro
24%
Yaren
24%
Abuja
22%
Lusaka
22%
Castries
20%
Kampala
20%
Saint George's
20%
Suva
20%
Funafuti
19%
Honiara
19%
Maseru
19%
Kingstown
17%
Sri Jayawardenepura Kotte
17%
Naypiydaw
11%
Aucun quiz correspondant
Distribution des résultats
% des personnes avec chaque résultat
Percentile par nombre de réponses
Votre historique - résultats
Vous n’avez pas pris ce quiz